01052nam a2200253 a 4500999001500000001000500015003000900020005001700029008004100046010001700087020001500104040003800119082002300157245018500180260004000365300004100405490004700446504005100493650005900544650004300603700001900646942001200665952012100677 c2326d23266684BD-DhUAP20210128142755.0150524s1996 nyua b 001 0 eng  a 95024810  a0803104588 aBD-DhUAPcBD-DhUAPdBD-DhUAPbEng00a690.240218 BUI223 aBuilding performance : bfunction, preservation, and rehabilitation : a symposium sponsored by .... Building Constructions, Bal Harbour, FL, 17 Oct. 1983 /cedited by Gerald Davis. aPhiladelphia, PA : bASTM,c©1986. a196 pages :billustrations ;c23 cm. aASTM special technical publication ;v901. aIncludes bibliographical references and index. aBuildings -- Repair and reconstruction -- Congresses.  aBuildings -- Protection -- Congresses. aDavis, Gerald  2ddccBK 00102ddc4070aUAPCLbUAPCLcGeneral Stacksd2020-02-23o690.240218 BUIp3010006684r2020-02-23t1w2020-02-23yBK